[Event "Lueneburg distr-ch Meister"]
[Site "Lueneburg"]
[Date "2017.10.14"]
[Round "6"]
[White "Lehmkuhl, Stefan"]
[Black "Utecht, Hauke"]
[Result "1-0"]
[WhiteElo "1852"]
[BlackElo "1757"]
[PlyCount "123"]
[EventDate "2017.10.12"]
[EventType "swiss"]
[EventRounds "7"]
[EventCountry "GER"]
[SourceTitle "EXT 2019"]
[Source "ChessBase"]
[SourceDate "2018.10.10"]
[SourceVersion "1"]
[SourceVersionDate "2018.10.10"]
[SourceQuality "1"]

1. d4 Nf6 2. Nc3 d5 3. h3 c5 4. e4 cxd4 5. Qxd4 dxe4 6. Qxd8+ Kxd8 7. Bc4 e6 8. Bg5 Bb4 9. 0-0-0+ Bd7 10. Nxe4 Ke7 11. a3 Ba5 12. Nxf6 gxf6 13. Be3 Bc7 14. Ne2 Nc6 15. Rhe1 Bd6 16. Nd4 Nxd4 17. Bxd4 Bc6 18. g4 h5 19. Bxf6+ Kxf6 20. Rxd6 Rag8 21. Be2 Bg2 22. gxh5 Bxh3 23. Rd7 Bg2 24. Red1 Bc6 25. R7d4 Rg2 26. Rf1 Ke7 27. Rh4 Rh6 28. b3 f6 29. Kb2 e5 30. Bd3 Bf3 31. Kc3 Rg4 32. Rxg4 Bxg4 33. Be4 b6 34. f3 Bxh5 35. Rh1 f5 36. Bxf5 Rc6+ 37. Kd2 Bxf3 38. Rh7+ Kf6 39. Bd3 a5 40. Ke3 Bg2 41. Rh2 Bd5 42. c4 Be6 43. Rf2+ Ke7 44. Ke4 Rc5 45. Rh2 a4 46. b4 Rc8 47. Kxe5 Bxc4 48. Rh7+ Kf8 49. Rh8+ Bg8 50. Bh7 Rc3 51. Rxg8+ Ke7 52. Rb8 Rxa3 53. Rb7+ Kd8 54. Rxb6 Ra1 55. Kd6 Rd1+ 56. Kc6 Rc1+ 57. Kb5 a3 58. Ra6 Ra1 59. Bg8 Kc7 60. Rc6+ Kb7 61. Rc3 Ka7 62. Bd5 1-0

[Event "Lueneburg distr-ch Meister"]
[Site "Lueneburg"]
[Date "2017.10.13"]
[Round "3"]
[White "Becker, Stefan"]
[Black "Utecht, Hauke"]
[Result "1-0"]
[WhiteElo "2163"]
[BlackElo "1757"]
[PlyCount "65"]
[EventDate "2017.10.12"]
[EventType "swiss"]
[EventRounds "7"]
[EventCountry "GER"]
[SourceTitle "EXT 2019"]
[Source "ChessBase"]
[SourceDate "2018.10.10"]
[SourceVersion "1"]
[SourceVersionDate "2018.10.10"]
[SourceQuality "1"]

1. e4 c6 2. d4 d5 3. exd5 cxd5 4. c4 Nf6 5. Nc3 e6 6. Nf3 Be7 7. cxd5 Nxd5 8. Bd3 0-0 9. 0-0 Nf6 10. Ne5 Bd7 11. Qe2 Nc6 12. Rd1 a6 13. Be3 Nb4 14. Bc4 Nbd5 15. Bg5 Re8 16. Qf3 Bc6 17. Nxc6 bxc6 18. Rac1 Qa5 19. Bd2 Qb6 20. Qd3 Red8 21. Na4 Qa7 22. Bb3 Rac8 23. Qf3 c5 24. Nxc5 Bxc5 25. dxc5 Rxc5 26. Be3 Rdc8 27. Bxc5 Rxc5 28. Qe3 Nd7 29. Bxd5 Rxc1 30. Rxc1 Qxe3 31. fxe3 exd5 32. Rc8+ Nf8 33. Rd8 1-0

[Event "Lueneburg distr-ch U16/18"]
[Site "Lueneburg"]
[Date "2017.10.11"]
[Round "7"]
[White "Askerov, Imamali"]
[Black "Utecht, Hauke"]
[Result "0-1"]
[WhiteElo "1797"]
[BlackElo "1757"]
[PlyCount "96"]
[EventDate "2017.10.09"]
[EventType "swiss"]
[EventRounds "7"]
[EventCountry "GER"]
[SourceTitle "EXT 2019"]
[Source "ChessBase"]
[SourceDate "2018.10.10"]
[SourceVersion "1"]
[SourceVersionDate "2018.10.10"]
[SourceQuality "1"]

1. e4 e6 2. d4 d5 3. Nd2 Nf6 4. e5 Nfd7 5. c3 c5 6. f4 Nc6 7. Ndf3 cxd4 8. cxd4 Bb4+ 9. Kf2 f6 10. g3 0-0 11. Bh3 Qe7 12. Kg2 fxe5 13. fxe5 h6 14. Ne2 Nb6 15. Rf1 Qe8 16. Qd3 Bd7 17. Nf4 Nd8 18. Rf2 Rc8 19. a3 Be7 20. b3 Bg5 21. Be3 Bxf4 22. Bxf4 Bb5 23. Qd2 Qg6 24. Rd1 Kh8 25. Qb4 Rxf4 26. Qxb5 Rxf3 27. Rxf3 Qc2+ 28. Rf2 Qxd1 29. Qe8+ Kh7 30. Bxe6 Nxe6 31. Qxe6 Qxd4 32. Rf4 Qd2+ 33. Kh3 Qd3 34. Rf5 Qe2 35. Rf4 Qh5+ 36. Rh4 Qg6 37. Qe7 Qf5+ 38. Rg4 Qh5+ 39. Rh4 Qf5+ 40. Rg4 Qd7 41. Qh4 g5 42. Qh5 Qe8 43. Rxg5 Qxh5+ 44. Rxh5 d4 45. Kg2 d3 46. Kf3 d2 47. Ke2 Rd8 48. Kd1 Nd5 0-1

[Event "Lueneburg distr-ch U16/18"]
[Site "Lueneburg"]
[Date "2017.10.09"]
[Round "1"]
[White "Utecht, Hauke"]
[Black "Von Estorff, Jacob"]
[Result "0-1"]
[WhiteElo "1757"]
[BlackElo "1937"]
[PlyCount "44"]
[EventDate "2017.10.09"]
[EventType "swiss"]
[EventRounds "7"]
[EventCountry "GER"]
[SourceTitle "EXT 2019"]
[Source "ChessBase"]
[SourceDate "2018.10.10"]
[SourceVersion "1"]
[SourceVersionDate "2018.10.10"]
[SourceQuality "1"]

1. d4 d5 2. Nf3 Nf6 3. c4 e6 4. Nc3 Be7 5. Bg5 0-0 6. e3 c6 7. Bd3 Nbd7 8. 0-0 Re8 9. a3 a5 10. Qc2 Nf8 11. Ne5 Ng6 12. Nxg6 hxg6 13. Rfd1 Ng4 14. Bxe7 Qxe7 15. Na4 Qd6 16. g3 e5 17. cxd5 exd4 18. exd4 cxd5 19. Qc5 Qf6 20. Rf1 Qf3 21. Qb5 Nf6 22. Rfe1 Bd7 0-1

[Event "Lueneburg distr-ch U16/18"]
[Site "Muenster"]
[Date "2016.10.12"]
[Round "7.3"]
[White "Bieler, Janek"]
[Black "Utecht, Hauke"]
[Result "1/2-1/2"]
[WhiteElo "1484"]
[BlackElo "1716"]
[PlyCount "37"]
[EventDate "2016.10.10"]
[EventType "swiss"]
[EventRounds "7"]
[EventCountry "GER"]
[SourceTitle "EXT 2019"]
[Source "ChessBase"]
[SourceDate "2018.10.10"]
[SourceVersion "1"]
[SourceVersionDate "2018.10.10"]
[SourceQuality "1"]

1. d4 d5 2. c4 e6 3. Nf3 Nf6 4. Bg5 Be7 5. Nc3 0-0 6. e3 c6 7. Be2 dxc4 8. Bxc4 b5 9. Bxf6 Bxf6 10. Be2 Bb7 11. 0-0 a6 12. Ne4 Nd7 13. Nxf6+ Qxf6 14. b4 e5 15. Nxe5 Nxe5 16. dxe5 Qxe5 17. Qc2 Qe7 18. Qc3 a5 19. Qc5 1/2-1/2

[Event "Lueneburg distr-ch U16/18"]
[Site "Muenster"]
[Date "2016.10.11"]
[Round "5.2"]
[White "Bargsten, Justus"]
[Black "Utecht, Hauke"]
[Result "1-0"]
[WhiteElo "1785"]
[BlackElo "1716"]
[PlyCount "111"]
[EventDate "2016.10.10"]
[EventType "swiss"]
[EventRounds "7"]
[EventCountry "GER"]
[SourceTitle "EXT 2019"]
[Source "ChessBase"]
[SourceDate "2018.10.10"]
[SourceVersion "1"]
[SourceVersionDate "2018.10.10"]
[SourceQuality "1"]

1. d4 d5 2. Bf4 c5 3. c3 Nc6 4. e3 e6 5. Bd3 Nf6 6. Nf3 Nh5 7. Bg3 Nxg3 8. hxg3 h6 9. Nbd2 Bd6 10. g4 e5 11. dxe5 Nxe5 12. Nxe5 Bxe5 13. Qe2 Bd7 14. Rh5 Qf6 15. f4 Bd6 16. Rxd5 g6 17. Bb5 0-0-0 18. 0-0-0 Qe6 19. Bxd7+ Rxd7 20. Nc4 Rhd8 21. Nxd6+ Rxd6 22. Rxc5+ Kb8 23. Rxd6 Rxd6 24. b3 Qe4 25. Re5 Qc6 26. Qc4 Qd7 27. Qe4 a6 28. Re7 Rd1+ 29. Kb2 Rd2+ 30. Ka3 Qb5 31. Qe5+ Qxe5 32. fxe5 Rxg2 33. Rxf7 Rxg4 34. e6 Re4 35. e7 Kc8 36. Rh7 h5 37. Rg7 Kd7 38. Rxg6 Rxe3 39. Kb4 h4 40. Rh6 Re4+ 41. Kc5 Re3 42. Rxh4 Rxc3+ 43. Kb6 Rc2 44. a4 a5 45. Re4 Rc8 46. e8Q+ Rxe8 47. Rxe8 Kxe8 48. Kxb7 Kd7 49. Ka6 Kc6 50. Kxa5 Kb7 51. b4 Ka7 52. b5 Kb7 53. b6 Kb8 54. Ka6 Ka8 55. b7+ Kb8 56. a5 1-0

[Event "Lueneburg distr-ch U16/18"]
[Site "Muenster"]
[Date "2016.10.10"]
[Round "2.4"]
[White "Albrecht, Merlin"]
[Black "Utecht, Hauke"]
[Result "0-1"]
[WhiteElo "879"]
[BlackElo "1716"]
[PlyCount "52"]
[EventDate "2016.10.10"]
[EventType "swiss"]
[EventRounds "7"]
[EventCountry "GER"]
[SourceTitle "EXT 2019"]
[Source "ChessBase"]
[SourceDate "2018.10.10"]
[SourceVersion "1"]
[SourceVersionDate "2018.10.10"]
[SourceQuality "1"]

1. d4 d5 2. c4 e6 3. e3 Nf6 4. Nc3 c5 5. Nf3 Nc6 6. b3 cxd4 7. exd4 Bd6 8. g3 0-0 9. Bf4 Bxf4 10. gxf4 Qd6 11. Ne5 dxc4 12. Bxc4 Nxd4 13. Nb5 Nxb5 14. Bxb5 Qb4+ 15. Kf1 Qxb5+ 16. Nd3 Rd8 17. Ke2 e5 18. fxe5 Bg4+ 19. f3 Bxf3+ 20. Kxf3 Rxd3+ 21. Qxd3 Qxd3+ 22. Kf4 Nd5+ 23. Kg5 Qf3 24. Rhg1 Qf4+ 25. Kh5 g6+ 26. Rxg6+ hxg6# 0-1

[Event "Lueneburg distr-ch U14/16/18"]
[Site "Tostedt"]
[Date "2015.10.20"]
[Round "4.2"]
[White "Utecht, Hauke"]
[Black "Rothenberg, Nina"]
[Result "1-0"]
[WhiteElo "1589"]
[BlackElo "1130"]
[PlyCount "81"]
[EventDate "2015.10.19"]
[EventType "swiss"]
[EventRounds "7"]
[EventCountry "GER"]
[SourceTitle "EXT 2019"]
[Source "ChessBase"]
[SourceDate "2018.10.10"]
[SourceVersion "1"]
[SourceVersionDate "2018.10.10"]
[SourceQuality "1"]

1. d4 d5 2. Bf4 Bf5 3. e3 Nf6 4. Nf3 e6 5. Be2 Bd6 6. Bg3 Nc6 7. 0-0 Ne4 8. c4 0-0 9. cxd5 exd5 10. Nc3 Re8 11. Qb3 Nxc3 12. Qxc3 Qf6 13. Bb5 Bxg3 14. hxg3 Be4 15. Bxc6 Qxc6 16. Qxc6 bxc6 17. Ne5 Rab8 18. b3 Rb6 19. Rfc1 Re6 20. Rc3 f6 21. Nd7 Rb5 22. Rac1 Rd6 23. Nc5 Rb6 24. Nxe4 dxe4 25. f3 f5 26. Rc5 g6 27. fxe4 fxe4 28. Re5 Ra6 29. Rc2 Kf7 30. Rxe4 Re6 31. Rf4+ Ke7 32. Kf2 Rf6 33. Ke2 Ke6 34. Kd3 Rf5 35. e4 Rg5 36. Rf3 Rga5 37. a4 Rb6 38. Kc4 Rb8 39. Rcf2 Rh5 40. Rf7 Kd6 41. R2f6# 1-0